| 000 | 00645nam a2200205 i 4500 | ||
|---|---|---|---|
| 001 | 182782 | ||
| 003 | ES-MaACL | ||
| 005 | 20250911062856.0 | ||
| 008 | 131031s1976 sp |||| | spa d | ||
| 020 | _a84-7053-161-1 | ||
| 080 | _a821.134.2-14"19" | ||
| 100 | 1 |
_aRodríguez, Claudio, _d1934-1999 _998224 |
|
| 245 | 1 | 3 |
_aEl vuelo de la celebración / _c[por] Claudio Rodríguez. |
| 260 |
_aMadrid : _bVisor, _c1976. |
||
| 300 |
_a72 p. ; _c20 cm. |
||
| 490 | 1 |
_aColección Visor de poesía ; _v69 |
|
| 830 | 0 |
_aColección Visor de poesía _v69 _9177331 |
|
| 852 |
_aES-MaACL _j2328-F-10 _z.- Donativo M. A. Velasco |
||
| 999 |
_c182782 _d182782 |
||